000 00333nam a2200133Ia 4500
008 240624s9999 xx 000 0 und d
041 _aeng
082 _a658.87 SES
100 _aSESHANNA SUDARSHAN
245 _aRETAIL MANAGEMENT
260 _c2015
_aNew Delhi
_bTata McGraw-Hill
300 _a515 : p. : cm. ; 24
365 _cRS
_b33
999 _c26234
_d26234